00218nam a2200097Ia 4500008004100000041000800041100002100049245002300070260001900093365000800112231011s9999 xx 000 0 und d aeng aKharidehal V.Rao aManagement Science bM.G.H Bombay - b162